000 00327nam a22001457a 4500
008 230703b ||||| |||| 00| 0 eng d
020 _a0534406912
041 _aeng
080 _2SECOND EDITION
_a575
082 _a575CRA
100 _a13
101 _aBIK
245 _aINTRODUCTORY CHEMISTRY
_cCRACOLICE
942 _2udc
_cBK
999 _c60069
_d60069